|
|
|
|
| LEADER |
00000cam a2200000 4500 |
| 001 |
vtls012065093 |
| 003 |
SK-MaSNL |
| 005 |
20260301135037.0 |
| 008 |
230501s2021 xo a ar 000 j slo |
| 015 |
|
|
|a SNBA2021/10
|
| 020 |
|
|
|a 9788056621400
|q (viazané)
|
| 035 |
|
|
|a urn:nbn:sk:snk-am00icdd
|
| 035 |
|
|
|a 9B8DEB2C-11D4-4CF7-A626-FA11ABF5C3CA
|
| 040 |
|
|
|a SNK
|b slo
|c SNK
|e rda
|
| 041 |
1 |
|
|a slo
|h eng
|
| 044 |
|
|
|a xo
|c SK
|
| 072 |
|
7 |
|a 821.111-3
|x Anglická próza, anglicky písaná
|2 konspekt
|
| 072 |
|
7 |
|a 82-93
|x Literatúra pre deti a mládež (beletra)
|2 konspekt
|
| 080 |
|
|
|a 821.111-32
|2 2011
|
| 080 |
|
|
|a 82-93-053.4/.5
|2 2011
|
| 100 |
1 |
|
|a Kinnear, Nicola
|4 aut
|4 ill
|9 181785
|
| 240 |
1 |
0 |
|a Shhh! Quiet!
|l Slovensky
|
| 245 |
1 |
0 |
|a Psst, tíško!
|c Nicola Kinnearová ; z anglického originálu Shhh! Quiet! ... preložila Magdaléna Poppelková
|
| 250 |
|
|
|a Prvé slovenské vydanie
|
| 264 |
|
1 |
|a Bratislava
|b Albatros
|c 2021
|
| 300 |
|
|
|a 30 nečíslovaných strán
|b farebné ilustrácie
|c 28 cm
|
| 336 |
|
|
|a text
|b txt
|2 rdacontent
|
| 336 |
|
|
|a statický obraz
|b sti
|2 rdacontent
|
| 337 |
|
|
|a bez média
|b n
|2 rdamedia
|
| 338 |
|
|
|a zväzok
|b nc
|2 rdacarrier
|
| 500 |
|
|
|a Vydalo vydavateľstvo Albatros v spoločnosti Albatros Media Slovakia, s.r.o.
|
| 521 |
8 |
|
|a Pre čitateľov od 3 rokov
|
| 655 |
|
7 |
|a anglické príbehy
|2 SNKPH
|9 70612
|
| 655 |
|
7 |
|a literatúra pre deti
|2 SNKPH
|9 87135
|
| 655 |
|
7 |
|a English fiction
|2 SNKPHeng
|9 109944
|
| 655 |
|
7 |
|a Children's literature
|2 SNKPHeng
|9 276039
|
| 700 |
1 |
|
|a Poppelková, Magdaléna
|c (prekladateľka)
|4 trl
|9 53077
|
| 710 |
2 |
|
|a Albatros Media Slovakia.
|b Albatros
|4 pbl
|9 195117
|
| 852 |
|
|
|a Slovenská národná knižnica
|
| 919 |
|
|
|a 978-80-556-2140-0
|
| 954 |
|
|
|a beletria cudzojazyčná (svetová)
|2 lita
|
| 954 |
|
|
|a ilustrované knihy, leporelá, komiksy cudzojazyčné (svetové)
|2 lita
|
| 958 |
|
|
|a LX
|
| 958 |
|
|
|a DB
|
| 958 |
|
|
|a UP
|
| 968 |
|
|
|b ENG
|
| 999 |
|
|
|c 758909
|d 760839
|
| 952 |
|
|
|a SNK
|b SNK
|y PREZ
|7 0
|p 17A1460117
|o snkSB 97231
|i snk2021/14978
|8 0
|0 0
|1 0
|4 0
|d 2021-10-08
|f 1
|l 0
|r 2025-05-16 00:00:00
|w 2026-02-23
|
| 952 |
|
|
|a SNK
|b SNK
|y VYP
|7 0
|p 17A1460118
|o snkSB 97231 D1
|i snk2021/14979
|8 0
|0 0
|1 0
|4 0
|d 2021-10-08
|l 0
|r 2026-02-23 23:57:03
|w 2026-02-23
|